File structures : an object-oriented approach with C++ (Record no. 180100)

MARC details
000 -LEADER
fixed length control field 00458nam a2200157Ia 4500
005 - DATE AND TIME OF LATEST TRANSACTION
control field 20250311145320.0
008 - FIXED-LENGTH DATA ELEMENTS--GENERAL INFORMATION
fixed length control field 231217s9999 xx 000 0 und d
020 ## - INTERNATIONAL STANDARD BOOK NUMBER
International Standard Book Number 9788178081311
082 ## - DEWEY DECIMAL CLASSIFICATION NUMBER
Classification number 001.64 FOL;22
100 ## - MAIN ENTRY--PERSONAL NAME
Personal name Folk, Michael JZoellick, BillRiccardi, Greg
245 #0 - TITLE STATEMENT
Title File structures : an object-oriented approach with C++
260 ## - PUBLICATION, DISTRIBUTION, ETC. (IMPRINT)
Date of publication, distribution, etc. 1998
Name of publisher, distributor, etc. Pearson Education
Place of publication, distribution, etc. New Delhi
300 ## - PHYSICAL DESCRIPTION
Extent 744
650 ## - SUBJECT ADDED ENTRY--TOPICAL TERM
Topical term or geographic name as entry element File,structures,:C++
942 ## - ADDED ENTRY ELEMENTS (KOHA)
Koha item type Books
Holdings
Date last seen Total Checkouts Full call number Accession number Old discount Price effective from Category Lost status Damaged status Department Withdrawn status bill date Permanent Location Current Location Shelving location Entry date Vendor Grants Currency symbol Conversion rate Discount Discount type
26/01/2024   001.64 FOL;22 47737   26/01/2024 Books     Central Library   12/02/2009 Central Library Central Library Central Library 27/12/2007 Publisher DONATED RS 1   Rupees
26/01/2024   001.64 FOL;23 53996   26/01/2024 Books     Information Science   12/10/2012 Central Library Central Library Central Library 24/04/2009 Publisher DONATED RS 1   Rupees
26/01/2024   001.64 FOL;24 54001   26/01/2024 Books     Information Science   12/10/2012 Central Library Central Library Central Library 24/04/2009 Publisher DONATED RS 1   Rupees

© For any Suggestions or Query, please contact the library staff @ librarian@pes.edu or Phone: +9180 2672 1983/ 2108.